000 00487nam a2200157 a 4500
001 000036326
005 20200930075654.0
008 120113s1967 sp 000 0 spa d
040 _aDO-SdBNP
_bspa
_cBNPHU
082 _axxx
_bS559d
100 1 _aShólojov, Mijaíl Alexándrovich
_962484
245 1 3 _aEl don apacible /
_cMijaíl Alexándrovich Shólojov.
260 _aBarcelona, España :
_bPlaneta,
_c1967.
300 _av. ;
_c22 cm.
500 _aLa biblioteca solo posee el volumen II
999 _c35817
_d35817